书目信息 |
| 题名: |
中国古代木雕
|
|
| 作者: | 王俊 编著 | |
| 分册: | ||
| 出版信息: | 北京 中国商业出版社 2015 |
|
| 页数: | 182页 | |
| 开本: | 23cm | |
| 丛书名: | 中国传统民俗文化丛书 | |
| 单 册: | ||
| 中图分类: | J322 | |
| 科图分类: | ||
| 主题词: | 木雕--mu diao--介绍--中国 | |
| 电子资源: | ||
| ISBN: | 978-7-5044-8519-9 | |
| 000 | 00838nam0 22002531 450 | |
| 001 | 0103153629 | |
| 005 | 20170503153629.0 | |
| 010 | @a978-7-5044-8519-9@dCNY25.00 | |
| 100 | @a20150911d2015 em y0chiy50 ea | |
| 101 | 0 | @achi |
| 102 | @aCN@b110000 | |
| 105 | @aa z 000yy | |
| 106 | @ar | |
| 200 | 1 | @a中国古代木雕@9zhong guo gu dai mu diao@f王俊编著 |
| 210 | @a北京@c中国商业出版社@d2015 | |
| 215 | @a182页@c图@d23cm | |
| 225 | 2 | @a中国传统民俗文化丛书@9zhong guo chuan tong min su wen hua cong shu@i收藏系列@f傅璇琮主编 |
| 330 | @a本书主要介绍了木雕的起源与发展、木雕的题材与吉祥寓意、木雕的地域分布与特色等内容。 | |
| 461 | 0 | @12001 @a中国传统民俗文化丛书 |
| 606 | 0 | @a木雕@9mu diao@x介绍@y中国 |
| 690 | @aJ322@v5 | |
| 701 | 0 | @a王俊@9wang juan@4编著 |
| 801 | 0 | @aCN@bTANGWEI@c20170308 |
| 905 | @b0967442-4@dJ322@e7@f3 | |
| 中国古代木雕/王俊编著.-北京:中国商业出版社,2015 |
| 182页:图;23cm.-(中国传统民俗文化丛书.收藏系列/傅璇琮主编) |
| ISBN 978-7-5044-8519-9:CNY25.00 |
| 本书主要介绍了木雕的起源与发展、木雕的题材与吉祥寓意、木雕的地域分布与特色等内容。 |
| ● |
| 相关链接 |
|
|
|
|
正题名:中国古代木雕
索取号:J322/7
 
预约/预借
| 序号 | 登录号 | 条形码 | 馆藏地/架位号 | 状态 | 备注 |
| 1 | 0967442 | 209674422 | 第一样本阅览室/ [索取号:J322/7] | 在馆 | |
| 2 | 0967443 | 209674431 | 第一借阅区/ [索取号:J322/7] | 在馆 | |
| 3 | 0967444 | 209674440 | 第一借阅区/ [索取号:J322/7] | 在馆 |